Urban Bikeway Design Guide: Second Edition

Saved in:
Bibliographic Details
Format: Book
Language:English
Published: Washington: National Association of City Transportation Officials (NACTO), 2014
Edition:2. vyd.
Subjects:
Tags: Add Tag
No Tags, Be the first to tag this record!

MARC

LEADER 00000nam a22000003a 4500
001 0067878
003 SK-STU
005 20181018085520.6
007 ta
008 181018s ----xo-----e------000-0-----d
020 |a 978-1-61091-565-6 
040 |a STU  |b slo 
041 0 |a eng  |h eng 
044 |a xxu 
245 1 0 |a Urban Bikeway Design Guide:  |b Second Edition 
250 |a 2. vyd. 
260 |a Washington:  |b National Association of City Transportation Officials (NACTO),  |c 2014 
300 |a 242 s. 
650 0 7 |a cyklotrasy 
650 0 7 |a cykloturistika 
650 0 7 |a plánovanie 
996 |c V* 52817/O-23974  |l VV2  |s P  |a 0  |w 0067878_0001